Raja Dondang

Bibliographic Details
Main Author: Azilah Razali
Format: Book
Published: Kuala Lumpur : Goodmark Enterprise , 2007
Series:Siri himpunan purba cerita Asia
Subjects:

MARC

LEADER 00000cam a2200000 7i4500
001 0000049354
005 20220105105342.0
008 150628
020 |a 9789830573847 
090 0 0 |a CT   |b MAL 
100 0 |a Azilah Razali 
245 1 0 |a Raja Dondang   |c Azilah Razali 
260 |a Kuala Lumpur :   |b Goodmark Enterprise ,   |c 2007 
300 |a 102pg. 
490 1 |a Siri himpunan purba cerita Asia 
500 |a Children ages 7-9 years old (orange) 
650 0 |a Folk literature, Malay 
999 |a 0001027502   |b Book   |c Children Collection   |e Cawangan Segamat 
999 |a 0001027504   |b Book   |c Children Collection   |e Cawangan Taman Universiti 
999 |a 0001027506   |b Book   |c Children Collection   |e Cawangan Bukit Gambir 
999 |a 0001076711   |b Book   |c Children Collection   |e Cawangan Mersing